Úloha materinského jazyka pri vyučovaní cudzích jazykov
Historický prehľad používania materinského jazyka vo výučbe cudzích jazykov. Dôvody proti používaniu materinského jazyka pri vyučovaní cudzích jazykov. Dôvody, ktoré podporujú používanie materinského jazyka. Výsledky výskumu uskutočneného medzi učiteľmi cudzích jazykov na Fakulte aplikovaných jazyko...
Na minha lista:
| Autor principal: | |
|---|---|
| Outros Autores: | |
| Formato: | Capítulo de Livro |
| Idioma: | eslovaco |
| Assuntos: | |
| Tags: |
Sem tags, seja o primeiro a adicionar uma tag!
|
MARC
| LEADER | 00000nla a2200000 4500 | ||
|---|---|---|---|
| 001 | 0220125 | ||
| 005 | 20240502073623.7 | ||
| 041 | 0 | |a slo | |
| 044 | |a SK | ||
| 245 | 1 | 0 | |a Úloha materinského jazyka pri vyučovaní cudzích jazykov |c Hana Pašková, Eleonóra Zsapková |
| 520 | |a Historický prehľad používania materinského jazyka vo výučbe cudzích jazykov. Dôvody proti používaniu materinského jazyka pri vyučovaní cudzích jazykov. Dôvody, ktoré podporujú používanie materinského jazyka. Výsledky výskumu uskutočneného medzi učiteľmi cudzích jazykov na Fakulte aplikovaných jazykov Ekonomickej univerzity v Bratislave, ktorého cieľom bolo zistiť postoj univerzitných učiteľov k používaniu materinského jazyka pri vyučovaní cudzích jazykov. | ||
| 610 | 2 | 0 | |a jazyky cudzie |
| 610 | 2 | 0 | |a jazyk materinský |
| 610 | 2 | 0 | |a vzdelávanie |
| 610 | 2 | 0 | |a vzdelávanie vysokoškolské |
| 610 | 2 | 0 | |a prieskum |
| 610 | 2 | 0 | |a učitelia |
| 610 | 2 | 0 | |a univerzity |
| 100 | 1 | |a Pašková, Hana | |
| 700 | 1 | |a Zsapková, Eleonóra | |